Statistics for Biggest-Selling Vinyl Record Albums of 2016

Click here to take the quiz!

General Stats

  • This quiz has been taken 17 times
  • The average score is 6 of 10

Answer Stats

SalesArtistAlbum% Correct
39,512Adele25
93%
41,087Amy WinehouseBack to Black
71%
39,615The BeatlesAbbey Road
71%
39,334David BowieBlackstar
71%
35,244Prince & the RevolutionPurple Rain
64%
30,495Miles DavisKind of Blue
57%
49,004Twenty One PilotsBlurryface
50%
39,861RadioheadA Moon Shaped Pool
43%
32,899Bob Marley & the WailersLegend
43%
31,006Twenty One PilotsVessel
36%

Score Distribution

Percentile by Number Answered

Percent of People with Each Score

Your Score History

You have not taken this quiz